| 000 | 00343nam a22001457a 4500 | ||
|---|---|---|---|
| 003 | OSt | ||
| 005 | 20160727222358.0 | ||
| 008 | 160622b xxu||||| |||| 00| 0 eng d | ||
| 040 | _cTEST | ||
| 100 |
_9620 _aPhillips, M |
||
| 245 | _aThe Baronets Song | ||
| 260 |
_aMinesata _b BethaN.Y House _c1983 |
||
| 300 | _aThe Baronets Song | ||
| 942 |
_2ddc _cBK |
||
| 999 |
_c505 _d505 |
||